| 000 | 00937namaa22002171 4500 | ||
|---|---|---|---|
| 001 | 174015 | ||
| 003 | ES-MaACL | ||
| 005 | 20230906215420.0 | ||
| 008 | 100205s1907 sp r |||| | spa d | ||
| 100 | 1 |
_aÁlvarez Quintero, Serafín, _d1871-1938 _9226443 |
|
| 245 | 1 | 3 |
_aLa bella Lucerito _b: entremés / _cde Serafín y Joaquín Álvarez Quintero ; con música del maestro Saco del Valle. |
| 260 |
_aMadrid : _bSociedad de Autores Españoles, _c1907 ( _fVelasco) |
||
| 300 |
_a16 p., 2 hoj. ; _c20 cm. |
||
| 500 | _aEn port.: Estrenado en el teatro de Apolo el 10 de abril de 1907. | ||
| 500 | _aSolo la letra. | ||
| 520 | 8 | _aLa acción en Madrid. | |
| 700 | 1 |
_aÁlvarez Quintero, Joaquín, _d1873-1944 _920922 |
|
| 700 | 1 |
_aSaco del Valle, Arturo. _9142117 |
|
| 852 |
_aES-MaACL _jF-8644(10) _z.- Enc. hol. _z.- Enc. en un vol. facticio formando parte de la col. facticia "Teatro español moderno" v. 101 |
||
| 999 |
_c174015 _d174015 |
||